Tous les clubs défiés par le Barça en coupe d'Europe et internationale - Statistiques

Statistiques générales
  • Ce quiz a été pris 85 fois
  • Le résultat moyen est 33 sur 154
Statistiques - réponses
Année 1ère confrontation Nombres de matchs Bilan Equipes % Correct
1959-60 8 2v 3n 3d Real Madrid
99%
1958-60 17 8v 5n 4d Inter Milan
97%
1994-95 15 5v 4n 6d PSG
97%
1995-96 16 3v 2n 11d Bayern Munich
96%
1959-60 19 8v 6n 5d AC Milan
93%
2001-02 8 5v 3n Lyon
92%
1997 7 4v 2n 1d Dortmund
91%
2013-14 6 5v 1d Manchester City
86%
1983-84 15 6v 5n 4d Manchester United
86%
1985-86 15 5v 4n 6d Juventus
85%
1965-66 18 6v 6n 6d Chelsea
78%
2013-14 2 1n 1d Atlético Madrid
74%
1975-76 8 3v 2n 3d Liverpool
72%
1999-2000 7 4v 2n 1d Arsenal
69%
1960-61 11 5v 4n 2d Benfica
69%
1972-73 10 7v 3d Porto
69%
2001-02 6 2v 2n 2d AS Roma
62%
2013-14 4 3v 1d Ajax
61%
1993-94 3 2v 1d AS Monaco
59%
1981-82 4 2v 2n Tottenham
59%
2024-25 1 1v Brest
53%
2019-20 6 4v 2n Napoli
53%
1977-78 8 4v 3n 1d PSV
49%
1961-62 6 1v 1n 4d Valence
49%
1987-88 10 6v 2n 2d Leverkusen
47%
1995-96 4 2v 1n 1d Séville
47%
1986-87 6 5v 1d Sporting Lisbonne
46%
1961-62 8 6v 2d Etoile Rouge Belgrade
45%
1977-78 4 2v 1n 1d Aston Villa
41%
2024-25 1 1v Young Boys
41%
2024-25 1 1n Atalanta Bergame
39%
1974-75 2 1v 1n Feyenoord
36%
1975-76 2 2v Lazio
36%
2003-04 14 9v 3n 2d Celtic
35%
1969-70 2 2v Győr ETO
34%
1993-94 10 6v 3n 1d Galatasaray
31%
2007-08 2 1v 1n Rangers
31%
2002-03 2 2v Club Bruges
28%
1997-98 7 5v 1n 1d Newcastle
28%
1979 2 1n 1d Nottingham Forest
28%
1990-91 14 10v 1n 3d Dynamo Kiev
27%
2021-22 3 1v 1n 1d Eintracht Francfort
26%
1960-61 6 4n 2d Hambourg
26%
1978-79 4 2v 2d Anderlecht
24%
1971-72 5 2v 1n 2d Steaua Bucarest
24%
1964-65 4 2v 1n 1d Fiorentina
23%
1981-82 1 1v Standard de Liège
23%
1978-79 11 7v 1n 3d Chakhtar Donetsk
22%
1971 5 2v 2n 1d Leeds
22%
2007-08 4 3v 1n Stuttgart
22%
2008-09 2 1v 1n Bâle
20%
1958-60 2 2v Bâle XI
20%
1973-74 2 1v 1d OGC Nice
20%
2007-08 2 2v Schalke
19%
1958-60 2 1v 1n Belgrade XI
18%
2010-11 3 2v 1n Copenhague
18%
1955-58 2 1v 1n Copenhague XI
18%
2019-20 3 2v 1n Slavia Prague
18%
1985-86 6 4v 2d Sparta Prague
18%
1982-83 4 2v 2n Austria Vienne
16%
2000-01 4 3v 1d Besiktas
16%
1989-90 4 3v 1n Legia
16%
1984-85 2 1v 1d Metz
16%
2017-18 2 1v 1n Olympiakos
15%
1992 6 4v 2n Werder Brême
15%
1961-62 2 1v 1n Dinamo Zagreb
14%
1967-68 2 1v 1d FC Zurich
14%
1999-2000 2 1v 1n Hertha Berlin
14%
2016-17 2 2v Mönchengladbach
14%
1961-62 2 1v 1d West Berlin XI
14%
1968-69 4 2v 1n 1d Cologne
12%
1992-93 2 1n 1d CSKA Moscou
12%
2001-02 6 4v 1n 1d Panathinaïkos
12%
2011-12 4 4v Plzen
12%
1964-65 3 3n Strasbourg
12%
1965-66 4 2v 2d Antwerp
11%
2013-14 2 2v APOEL
11%
2005-06 2 2v Udinese
11%
1975-76 2 1v 1d PAOK
9%
1988-89 2 2v Sampdoria
9%
1993-94 4 3v 1n Spartak Moscou
9%
2011-12 4 4v Bate
8%
2002-03 2 2v Lokomotiv Moscou
8%
2009-10 4 1v 2n 1d Rubin Kazan
8%
1960-61 2 1v 1n Zagreb XI
8%
1976-77 2 1n 1d Athletic Bilbao
7%
1977-78 2 2n AZ
7%
2020-21 2 2v Ferencváros
7%
1985-86 2 1v 1n 2d Göteborg
7%
1968-69 2 1v 1n Lyn Oslo
7%
2015 1 1v River Plate
7%
2011 1 1v Santos
7%
1968-69 1 1d Slovan Bratislava
7%
1999-2000 2 2v AIK
5%
1959-60 4 3v 1n CSKA Sofia
5%
1988-89 2 2n Lech Poznań
5%
1992 1 1d São Paulo
5%
1955-58 5 3v 1n 1d Birmingham
4%
2006 1 1v Club América
4%
1987-88 2 1v 1n Dynamo Moscou
4%
1965-66 2 2v Espanyol
4%
1965-66 3 1v 1n 1d Hanovre
4%
1975-76 4 3v 1d Levski Sofia
4%
1990-91 2 1v 1d Trabzonspor
4%
1965-66 2 1v 1n Utrecht
4%
1998-99 4 4v Brøndby
3%
1966-67 4 4d Dundee United
3%
1978-79 1 1v Dusseldorf
3%
2009 1 1v Estudiantes
3%
1995-96 2 2v Hapoël Beer-Sheva
3%
2006 1 1d Internacional
3%
1977-78 4 2v 2d Ipswich Town
3%
1965-66 2 1v 1d Real Saragosse
3%
1997-98 2 2v Skonto Riga
3%
2000-01 4 3v 1d Wisła Cracovie
3%
2011 1 1v Al-Sadd
1%
1982-83 2 1v 1n Apollon Limassol
1%
2009 1 1v Atlante
1%
1962-63 7 3v 3n 1d Belenenses
1%
1981-82 2 1v 1d Dukla Prague
1%
1986-87 4 1v 2n 1d Flamurtari
1%
2015 1 1v Guangzhou
1%
1991-92 2 1v 1d Hansa Rostock
1%
1960-61 2 1n 1d Hibernian
1%
1991-92 2 1v 1d Kaiserslautern
1%
1981-82 2 1v 1d Lokomotive Leipzig
1%
1983-84 2 2v Magdebourg
1%
2003-04 2 2v Paniónios
1%
2003-04 2 1v 1n Púchov
1%
1961-62 2 1v 1d Sheffield Wednesday
1%
1981-82 2 1v 1d Trakia Plovdiv
1%
1975-76 2 2v Vasas
1%
1995-96 2 2v Vitória Guimarães
1%
1959-60 2 2v Wolves
1%
1988-89 2 1v 1n AGF Århus
0%
1979-80 2 2v Aris Bonnevoie
0%
1974-75 2 2v Åtvidabergs
0%
1971-72 2 2v Distillery
0%
1988-89 4 4v Fram Reykjavik
0%
1960-61 2 1v 1n Hradec Králové
0%
1979-80 2 2v ÍA Akranes
0%
1970-71 2 2v Katowice
0%
1978-79 2 2v KSK Beveren
0%
1960-61 2 2v Lierse
0%
1976-77 2 1v 1d Lokeren
0%
1968-69 2 2v Lugano
0%
1983-84 2 2v NEC Nimège
0%
1969-70 2 2v Odense
0%
1976-77 2 2v Östers
0%
1963-64 2 2v Shelbourne
0%
1980-81 2 2v Sliema Wanderers
0%
1986-87 2 2v Uerdingen
0%
1992-93 2 1v 1n Viking
0%
1974-75 2 1v 1n VÖEST Linz
0%
Aucun quiz correspondant
Distribution des résultats
% des personnes avec chaque résultat
Percentile par nombre de réponses
Votre historique - résultats
Vous n’avez pas pris ce quiz